000 01242cam a2200325Ia 4500
001 99830
005 20230410115450.0
008 090803s2008 ck a b 000 0 spa d
020 _a9789586953696
020 _a9586953696
035 _a(OCoLC)428978321
050 1 4 _aHD 75.8
_bC355m 2008
082 0 0 _a336.15
100 1 _aCastro Rodriguez, Raúl.
245 1 0 _aMetodologias de preparación y evaluación de proyectos de inversión publica :
_bcon ayuda de planillas parametrizadas /
_cRaúl Castro R., Ramón Rosales A., Alberto Rahal G.
260 _aBogota, D.C., Colombia :
_bUniversidad de los Andes, Facultad de Economía, CEDE :
_bEdiciones Uniandes,
_c2008.
300 _aix, 376 p. :
_bill. ;
_c24 cm. +
_e1 CD-ROM (4 3/4 in.)
490 1 _aColección Cede 50 años
504 _aIncludes bibliographical references (p. 373-376).
650 0 _aEconomic development projects
_xPlanning.
650 0 _aPublic investments
_xEvaluation.
650 4 _aEl desarrollo económico proyecta
_xPlanificación.
650 4 _aInversiones públicas
_xEvaluación.
700 1 _aRosales, Ramón.
700 1 _aRahal G., Alberto.
830 0 _aColección Cede 50 años.
942 _2lcc
_cbk
946 _aFHM
994 _aC0
_bDRFGD
999 _c41727
_d41727